The Journal of Consumer Marketing Journals for Professional Marketers

Salvato in:
Dettagli Bibliografici
Natura: Periodico
Lingua:inglese
Pubblicazione: Bingley Emerald Group Publishing
Soggetti:
Tags: Aggiungi Tag
Nessun Tag, puoi essere il primo ad aggiungerne!!

MARC

LEADER 00000nas1a22000001 4500
001 s121019
005 20250717111828.3
022 |a 0736-3761 
022 |a 2052-1200 
041 0 |a eng 
044 |a US 
245 1 0 |a The Journal of Consumer Marketing  |b Journals for Professional Marketers 
264 1 |a Bingley  |b Emerald Group Publishing 
500 |a Za rok 2022 nemá JCR kvartil 
610 2 0 |a spotrebitelia 
610 2 0 |a marketing